01471nab a22002297a 4500003000400000005001700004008004100021040000700062100002500069245012700094260007300221300001300294500004400307505057700351505009000928650001801018650002101036650002201057650001401079650000901093773013901102OSt20250909112517.0190604e xxu||||| |||| 00| 0 spa d cPJ aSwinnen, Jérémie13aJuicio en ausencia en Argentina : bnueva ley y su impacto en la justicia nacional e internacional /cJérémie Swinnen. aCiudad Autónoma de Buenos Aires :bThomson Reuters La Ley, c2025. ap. 17-26 aCita Online: TR LALEY AR/DOC/406/2025.  aSumario: I. Introducción.— II. Algunas reflexiones iniciales.— III. Legislación comparada sobre el juicio en ausencia.— IV. Tribunales internacionales: la experiencia en los procesos penales internacionales.— V. Otros tribunales penales internacionales: tribunales penales ad hoc y tribunales penales mixtos.— VI. Tribunal Europeo de Derechos Humanos y las garantías de un juicio en ausencia. — VII. Diferentes enfoques con objetivos comunes.— VIII. Jurisdicción universal y juicio en ausencia: ¿una oportunidad desaprovechada?— IX. Conclusión.  t¿Te interesa el texto completo? Solicitalo al correo: koha@justierradelfuego.gov.ar  0aDERECHO PENAL 0aJUICIO ABREVIADO 0aDEFENSA EN JUICIO 0aSENTENCIA 0aPENA0 02714dCiudad Autónoma de Buenos Aires : Thomson Reuters La Ley, 2014-tRevista anales de legislación argentina. Nº 4 - Mayo 2025.